NBA Playoffs Starters 2024–2025 - Statistics

General Stats
  • This quiz has been taken 1,062 times
    313 since last reset
  • The average score is 68 of 80
Answer Stats
Team Pos Player % Correct
Bucks PF G. Antetokounmpo
100%
Celtics PF Jayson Tatum
99%
Cavaliers SG Donovan Mitchell
98%
Celtics SF Jaylen Brown
98%
Heat PG Davion Mitchell
97%
Clippers SG James Harden
97%
Grizzlies PG Ja Morant
97%
Lakers SF LeBron James
97%
Knicks PG Jalen Brunson
96%
Clippers SF Kawhi Leonard
96%
Thunder PG S. Gilgeous-Alexander
96%
Warriors PG Stephen Curry
96%
Pacers PG Tyrese Haliburton
96%
Timberwolves SG Anthony Edwards
95%
Heat C Bam Adebayo
95%
Cavaliers PG Darius Garland
95%
Celtics SG Derrick White
95%
Warriors PF Draymond Green
95%
Cavaliers PF Evan Mobley
95%
Nuggets PG Jamal Murray
95%
Knicks SF Josh Hart
95%
Celtics PG Jrue Holiday
95%
Lakers PG Luka Dončić
95%
Nuggets C Nikola Jokić
95%
Rockets SG Jalen Green
94%
Grizzlies PF Jaren Jackson Jr.
94%
Cavaliers C Jarrett Allen
94%
Celtics C Kristaps Porzingis
94%
Lakers SG Austin Reaves
93%
Pistons PG Cade Cunningham
93%
Bucks PG Damian Lillard
93%
Knicks C Karl-Anthony Towns
93%
Magic PF Paolo Banchero
93%
Thunder SF Jalen Williams
92%
Bucks C Brook Lopez
91%
Clippers C Ivica Zubac
91%
Pacers PF Pascal Siakam
91%
Timberwolves C Rudy Gobert
91%
Thunder C Chet Holmgren
90%
Nuggets SF Michael Porter Jr.
90%
Heat SG Tyler Herro
90%
Nuggets PF Aaron Gordon
89%
Thunder C Isaiah Hartenstein
89%
Warriors SF Jimmy Butler
89%
Timberwolves PF Julius Randle
89%
Pacers C Myles Turner
89%
Rockets C Alperen Şengün
88%
Rockets SF Amen Thompson
87%
Pistons SF Ausar Thompson
87%
Magic SF Franz Wagner
87%
Timberwolves PG Mike Conley
87%
Thunder SF Luguentz Dort
86%
Grizzlies SG Desmond Bane
85%
Rockets PG Fred VanVleet
85%
Knicks SF Mikal Bridges
84%
Timberwolves SF Jaden McDaniels
82%
Knicks PF OG Anunoby
81%
Lakers PF Rui Hachimura
81%
Pacers SG Andrew Nembhard
79%
Warriors SG Brandin Podziemski
79%
Grizzlies C Zach Edey
79%
Pistons C Jalen Duren
77%
Cavaliers SF Max Strus
77%
Nuggets SG Christian Braun
76%
Pacers SF Aaron Nesmith
74%
Rockets SF Dillon Brooks
74%
Heat SF Andrew Wiggins
73%
Lakers C Jaxson Hayes
73%
Magic SG K. Caldwell-Pope
73%
Bucks PF Kyle Kuzma
73%
Clippers SF Norman Powell
70%
Pistons PF Tobias Harris
67%
Magic C Wendell Carter Jr.
65%
Heat C Kel'el Ware
62%
Clippers PG Kris Dunn
56%
Warriors SG Moses Moody
53%
Bucks SG Gary Trent Jr.
51%
Pistons SG Tim Hardaway Jr.
49%
Grizzlies PG Scotty Pippen Jr.
48%
Magic PG Cory Joseph
26%
No matching quizzes found
Score Distribution
Percent of People with Each Score
Percentile by Number Answered
Your Score History
You have not taken this quiz since the last reset